Statistiken für Bundesländer Österreichs nach Anzahl der Städte

Klicken Sie hier um das Quiz zu spielen!

Allgemein

  • Dieses Quiz wurde 76 mal gespielt
  • Das Durchschnittsergebnis liegt bei 8 aus 9

Antwortstatistiken

StädteBundesland% Korrekt
76Niederösterreich
96%
32Oberösterreich
93%
1Wien
93%
13Burgenland
91%
17Kärnten
91%
11Tirol
91%
35Steiermark
90%
5Vorarlberg
85%
11Salzburg
84%

Verteilung der Resultate

Perzentil nach korrekt beantworteten Fragen

Anzahl Personen mit jedem Resultat

Ihre Resultats-Entwicklung

Sie haben dieses Quiz noch nicht gespielt